| 000 | 00000nam 2200000za 4500 |
| 001 | 9.856116 |
| 003 | CaOODSP |
| 005 | 20230503113119 |
| 007 | cr ||||||||||| |
| 008 | 180503s2018 onc o f|0| 0 fre d |
| 040 | |aCaOODSP|bfre |
| 043 | |an-cn--- |
| 086 | 1 |aYC24-0/421-23F-PDF |
| 110 | 1 |aCanada. |bParlement. |bSénat. |bComité sénatorial permanent des affaires juridiques et constitutionnelles. |
| 245 | 13|aLe projet de loi C-45 et la loi sur le cannabis |h[ressource électronique]. |
| 260 | |a[Ottawa] : |bSénat, |c2018. |
| 300 | |a15 p. |
| 490 | 1 |aRapport du Comité sénatorial permanent des affaires juridiques et constitutionnelles ; |v23e rapport, 42e législature, 1er session |
| 500 | |aPubl. aussi en anglais sous le titre : Bill C-45 and the Cannabis Act. |
| 500 | |aTitre de la légende. |
| 504 | |aComprend des références bibliographiques. |
| 692 | 07|2gccst|aMarijuana |
| 775 | 08|tBill C-45 and the Cannabis Act |w(CaOODSP)9.856115 |
| 830 | #0|aRapport du Comité sénatorial permanent des affaires juridiques et constitutionnelles ;|v23e rapport, 42e législature, 1er session|w(CaOODSP)9.502806 |
| 856 | 40|qPDF|s195 Ko|uhttps://publications.gc.ca/collections/collection_2018/sen/yc24-0/YC24-0-421-23-fra.pdf |